Sínen a hídfő [fényképpel] /

Elmentve itt :
Bibliográfiai részletek
Szerző: Somogyi Károlyné Neurohr Magdolna
Dokumentumtípus: Cikk
Megjelent: 1970-09-24
Sorozat:Délmagyarország 60 No. 224
Kulcsszavak:Híd felújítása Szeged 1970, hidak
Online Access:http://dmarchiv.bibl.u-szeged.hu/69803
LEADER 00520nab a2200157 i 4500
001 delm69803
005 20180927153645.0
008 180927s1970 hu o 0|| hun d
040 |a SZTE Délmagyarország Archívum  |b hun 
041 |a hun 
100 2 |a Somogyi Károlyné Neurohr Magdolna 
245 1 0 |a Sínen a hídfő   |h [elektronikus dokumentum] :  |b [fényképpel] /  |c  Somogyi Károlyné Neurohr Magdolna 
260 |c 1970-09-24 
300 |a 1 
490 0 |a Délmagyarország  |v 60 No. 224 
695 |a Híd felújítása Szeged 1970, hidak